[Event "SRB-chT 1st League CS"]
[Site "Banja Vrujci"]
[Date "2022.10.03"]
[Round "4.3"]
[White "Zivanovic, Bojan"]
[Black "Blagojevic, Vladan"]
[Result "1-0"]
[WhiteElo "2148"]
[BlackElo "2063"]
[PlyCount "77"]
[EventDate "2022.10.01"]
[EventType "team-tourn"]
[EventRounds "11"]
[EventCountry "SRB"]
[SourceTitle "CBM 210 Extra"]
[Source "ChessBase"]
[SourceDate "2022.11.30"]
[SourceVersion "1"]
[SourceVersionDate "2022.11.30"]
[SourceQuality "1"]
[WhiteTeam "Valjevo Krusik"]
[BlackTeam "Jagodina Kablovi"]
[WhiteTeamCountry "SRB"]
[BlackTeamCountry "SRB"]

1. e4 e6 2. f4 d5 3. e5 c5 4. c3 Nc6 5. Nf3 Nge7 6. Na3 a6 7. Nc2 Nf5 8. Bd3 Nh4 9. 0-0 c4 10. Be2 Nxf3+ 11. Bxf3 Bc5+ 12. Kh1 g6 13. d4 cxd3 14. Qxd3 Ne7 15. Be3 Qb6 16. Bxc5 Qxc5 17. Ne3 Bd7 18. c4 Rd8 19. Ng4 Nf5 20. Rac1 d4 21. Bxb7 0-0 22. Qh3 Kg7 23. Be4 h5 24. Nf6 Bc6 25. Bxf5 exf5 26. Qg3 Rh8 27. h4 d3 28. Rfd1 Be4 29. Rd2 Qb4 30. Rc3 Rd4 31. a3 Qa4 32. Qg5 Qc6 33. c5 a5 34. Rb3 Qc7 35. Nxe4 fxe4 36. Qf6+ Kh7 37. e6 Rd5 38. e7 Rf5 39. Qxh8+ 1-0

[Event "SRB-chT2 East"]
[Site "Serbia"]
[Date "2017.10.08"]
[Round "11.2"]
[White "Dimitrijevic, Dusan"]
[Black "Blagojevic, Vladan"]
[Result "0-1"]
[WhiteElo "2109"]
[BlackElo "2065"]
[PlyCount "69"]
[EventDate "2017.09.08"]
[EventType "team-tourn"]
[EventRounds "11"]
[EventCountry "SRB"]
[SourceTitle "EXT 2022"]
[Source "ChessBase"]
[SourceDate "2021.10.06"]
[SourceVersion "1"]
[SourceVersionDate "2021.10.06"]
[SourceQuality "1"]

1. e4 c5 2. Nc3 g6 3. g3 Bg7 4. Bg2 Nc6 5. d3 d6 6. Nf3 Nf6 7. 0-0 Bg4 8. Ne2 0-0 9. c3 Qd7 10. Re1 c4 11. Nf4 cxd3 12. Qxd3 Bxf3 13. Qxf3 Qc7 14. Nd5 Nxd5 15. exd5 Ne5 16. Qe4 Rfe8 17. Bf1 a6 18. f4 Ng4 19. Qf3 Qb6+ 20. Kg2 Nf6 21. Bc4 Nd7 22. Re2 Qc7 23. Bb3 b5 24. Be3 a5 25. Rd1 a4 26. Bc2 a3 27. b3 Bxc3 28. Bd3 Qa5 29. Qg4 Nf6 30. Qg5 b4 31. Bb1 e6 32. Kf3 Nxd5 33. Be4 Ne7 34. Qxa5 Rxa5 35. Rxd6 0-1

[Event "SRB-chT2 East"]
[Site "Serbia"]
[Date "2017.10.06"]
[Round "8.5"]
[White "Blagojevic, Vladan"]
[Black "Zivkovic, Ljubisa"]
[Result "1-0"]
[WhiteElo "2065"]
[BlackElo "1965"]
[PlyCount "115"]
[EventDate "2017.09.08"]
[EventType "team-tourn"]
[EventRounds "11"]
[EventCountry "SRB"]
[SourceTitle "EXT 2022"]
[Source "ChessBase"]
[SourceDate "2021.10.06"]
[SourceVersion "1"]
[SourceVersionDate "2021.10.06"]
[SourceQuality "1"]

1. c4 Nf6 2. b3 g6 3. Bb2 Bg7 4. Nf3 0-0 5. g3 b6 6. Bg2 Bb7 7. 0-0 c5 8. e3 e6 9. d4 d5 10. Ne5 Nfd7 11. Nf3 Qc7 12. Nbd2 Rd8 13. Qc1 a5 14. dxc5 Nxc5 15. Bxg7 Kxg7 16. Qb2+ f6 17. Nd4 Qe7 18. cxd5 Bxd5 19. Bxd5 Rxd5 20. Nc4 Ra6 21. Qe2 e5 22. Nf3 e4 23. Nd4 Ne6 24. Nxe6+ Qxe6 25. Rad1 b5 26. Rxd5 Qxd5 27. Na3 Rb6 28. Rd1 Qc5 29. Nc2 Rd6 30. Rxd6 Qxd6 31. Nd4 Nc6 32. Nxb5 Qb4 33. Nc7 Ne5 34. Ne6+ Kh6 35. Nd4 f5 36. h3 Qa3 37. Qc2 Qb4 38. Qe2 Qa3 39. Kg2 Nd3 40. g4 f4 41. g5+ Kxg5 42. Qg4+ Kh6 43. Qh4+ Kg7 44. Ne6+ Kg8 45. Qd8+ Kf7 46. Ng5+ Kg7 47. Qd7+ Kh6 48. Nf7+ Kg7 49. Ne5+ Kg8 50. Qd5+ Kg7 51. Qxe4 Ne1+ 52. Kf1 Qc1 53. Qb7+ Kh6 54. Ng4+ Kg5 55. Qe7+ Kh5 56. Qxh7+ Kg5 57. exf4+ Kf5 58. Qf7+ 1-0

[Event "SRB-chT2 East CS"]
[Site "Kragujevac"]
[Date "2016.08.26"]
[Round "1.13"]
[White "Blagojevic, Vladan"]
[Black "Mickovic, Slavisa"]
[Result "1/2-1/2"]
[WhiteElo "2112"]
[BlackElo "2150"]
[PlyCount "35"]
[EventDate "2016.08.26"]
[EventType "team-tourn"]
[EventRounds "11"]
[EventCountry "SRB"]
[SourceTitle "EXT 2021"]
[Source "ChessBase"]
[SourceDate "2020.10.23"]
[SourceVersion "1"]
[SourceVersionDate "2020.10.23"]
[SourceQuality "1"]

1. Nf3 d5 2. d4 Nf6 3. g3 c6 4. Bg2 Bg4 5. Ne5 Bh5 6. h3 Ne4 7. Nd2 Nxd2 8. Qxd2 f6 9. Nd3 Nd7 10. Qe3 Bf7 11. 0-0 e6 12. b3 Bd6 13. Bb2 0-0 14. Qd2 c5 15. dxc5 Nxc5 16. Nxc5 Bxc5 17. e3 Qe7 18. e4 1/2-1/2

[Event "SRB-chT2 East"]
[Site "Leskovac"]
[Date "2014.09.25"]
[Round "1.1"]
[White "Ristic, Nebojsa B"]
[Black "Blagojevic, Vladan"]
[Result "1-0"]
[WhiteElo "2308"]
[BlackElo "2142"]
[PlyCount "61"]
[EventDate "2014.09.25"]
[EventType "team-swiss"]
[EventRounds "6"]
[EventCountry "SRB"]
[SourceTitle "EXT 2015"]
[Source "ChessBase"]
[SourceDate "2014.11.20"]
[SourceVersion "1"]
[SourceVersionDate "2014.11.20"]
[SourceQuality "1"]

1. d4 Nf6 2. Nf3 b6 3. c4 Bb7 4. Nc3 d5 5. cxd5 Nxd5 6. e3 a6 7. Bd3 e6 8. 0-0 Be7 9. e4 Nf6 10. e5 Nd5 11. Ne4 h6 12. a3 Nd7 13. b4 c5 14. bxc5 bxc5 15. Rb1 Qc7 16. Nd6+ Bxd6 17. exd6 Qc6 18. Be4 Rb8 19. Bxd5 Qxd5 20. dxc5 Qxc5 21. Qa4 Bc6 22. Rxb8+ Nxb8 23. Qg4 g5 24. Bb2 Rg8 25. Ne5 Qb5 26. Qh5 Rf8 27. Nxc6 Nxc6 28. Bg7 Rg8 29. Qxh6 Qd3 30. h3 Kd7 31. Qf6 1-0

[Event "SRB-chT2 East"]
[Site "Zajecar"]
[Date "2013.10.10"]
[Round "1"]
[White "Garic, Radomir"]
[Black "Blagojevic, Vladan"]
[Result "1/2-1/2"]
[WhiteElo "2261"]
[BlackElo "2148"]
[PlyCount "63"]
[EventDate "2013.10.10"]
[EventType "team-swiss"]
[EventRounds "8"]
[EventCountry "SRB"]
[SourceTitle "EXT 2014"]
[Source "ChessBase"]
[SourceDate "2013.11.20"]
[SourceVersion "1"]
[SourceVersionDate "2013.11.20"]
[SourceQuality "1"]

1. e4 e6 2. d4 d5 3. Nc3 dxe4 4. Nxe4 Nf6 5. Bg5 Be7 6. Bxf6 Bxf6 7. Nf3 Nc6 8. Bb5 Qd5 9. Qe2 a6 10. Nxf6+ gxf6 11. c4 Qd6 12. Bxc6+ Qxc6 13. 0-0 0-0 14. Rad1 b5 15. b3 Bb7 16. d5 Qd6 17. Nd4 Kh8 18. Qf3 Qe5 19. Rfe1 Qg5 20. h4 Qxh4 21. Re4 Qg5 22. Rg4 Qh6 23. Qg3 Rg8 24. Rxg8+ Rxg8 25. Qxc7 Qh4 26. Rd3 Qe4 27. g3 bxc4 28. bxc4 Qg6 29. Rf3 Ra8 30. Qe7 exd5 31. c5 Rb8 32. Rxf6 1/2-1/2

[Event "SRB-chT3 Liga Ost CS"]
[Site "Serbia"]
[Date "2011.10.02"]
[Round "4.41"]
[White "Karaklajic, Milutin"]
[Black "Blagojevic, Vladan"]
[Result "1/2-1/2"]
[WhiteElo "2084"]
[BlackElo "2219"]
[PlyCount "44"]
[EventDate "2011.09.11"]
[EventType "team"]
[EventRounds "11"]
[EventCountry "SRB"]
[SourceTitle "EXT 2015"]
[Source "ChessBase"]
[SourceDate "2014.11.20"]
[SourceVersion "1"]
[SourceVersionDate "2014.11.20"]
[SourceQuality "1"]

1. e4 c5 2. Nf3 Nc6 3. d4 cxd4 4. Nxd4 Nf6 5. Nc3 d6 6. Be2 g6 7. 0-0 Bg7 8. Be3 0-0 9. Qd2 Ng4 10. Nxc6 bxc6 11. Bd4 Nf6 12. Rad1 Qc7 13. f4 c5 14. Bf2 Bb7 15. Bf3 Rfd8 16. Rfe1 Qa5 17. Qe3 Nd7 18. e5 Bxf3 19. Qxf3 Nb6 20. Nd5 Nxd5 21. Rxd5 dxe5 22. Rxc5 Qxa2 1/2-1/2